[Event "Plzen, JF C"]
[Site "?"]
[Date "1998.??.??"]
[Round "6"]
[White "Vojir, V jn"]
[Black "Jenc, M."]
[Result "1/2-1/2"]
[WhiteElo "1800"]
[BlackElo "1845"]
[PlyCount "62"]
[EventDate "1998.??.??"]
[Source "ChessBase"]
[SourceDate "1996.11.15"]

1. d4 Nf6 2. c4 g6 3. Nc3 Bg7 4. e4 d6 5. f3 O-O 6. Be3 e5 7. d5 Ne8 8. Qd2 f5
9. Bg5 Nf6 10. h4 Qe8 11. Bh6 f4 12. Bxg7 Kxg7 13. Bd3 Nh5 14. Nge2 Qf7 15. b4
a6 16. a4 b6 17. a5 Nd7 18. Na4 bxa5 19. bxa5 Rb8 20. Rb1 Rxb1+ 21. Bxb1 Qe8
22. Qb4 Qe7 23. Bd3 Nc5 24. Nxc5 dxc5 25. Qc3 Bd7 26. Bc2 Rb8 27. Kd2 Qf6 28.
Qa3 Rb4 29. Kd3 Ng3 30. Nxg3 fxg3 31. Qc1 Qf4 1/2-1/2

[Event "Plzen, JF C"]
[Site "?"]
[Date "1998.??.??"]
[Round "6"]
[White "Foglar, S."]
[Black "Straka, Z."]
[Result "1-0"]
[WhiteElo "2065"]
[BlackElo "1915"]
[PlyCount "139"]
[EventDate "1998.??.??"]
[Source "ChessBase"]
[SourceDate "1996.11.15"]

1. e4 e6 2. d4 d5 3. Nd2 Nf6 4. e5 Nfd7 5. Bd3 c5 6. c3 Nc6 7. Ne2 cxd4 8. cxd4
f6 9. exf6 Nxf6 10. O-O Bd6 11. Nf3 O-O 12. a3 Qc7 13. Bd2 Ne4 14. Be3 Bd7 15.
Qc2 Nf6 16. Rac1 Be8 17. Ng3 h6 18. b4 a6 19. Rfe1 Rc8 20. Qe2 Nh5 21. Nd2 Nxg3
22. hxg3 Qf7 23. Nf3 Bd7 24. Bb1 Ne7 25. Qd3 Nf5 26. g4 Bb5 27. Qd2 Nxe3 28.
Rxc8 Rxc8 29. Qxe3 Bd7 30. Ne5 Bxe5 31. Qxe5 Qf6 32. Qe3 Rc4 33. Qd3 Rxd4 34.
Qg3 Rc4 35. Qb8+ Bc8 36. Bd3 Rc3 37. g3 Kf7 38. Re3 Ke7 39. Kg2 d4 40. Rf3 Qg5
41. Be4 Rxf3 42. Bxf3 Qc1 43. Qe5 d3 44. Qxg7+ Ke8 45. Qh8+ Ke7 46. Qh7+ Ke8
47. Qxd3 b5 48. Qd6 Bd7 49. Qxa6 Ke7 50. Qa7 Kd8 51. Qd4 Ke7 52. Qc5+ Qxc5 53.
bxc5 Kf6 54. c6 Bc8 55. c7 Ke5 56. Bc6 Kd6 57. Bxb5 Kxc7 58. f4 Kb6 59. Bd3 Ka5
60. Bc2 Kb5 61. Bb3 Kc5 62. Kf2 Kd4 63. a4 Kc3 64. Bd1 Kb4 65. Ke3 Kc3 66. Be2
Bb7 67. Bb5 Bd5 68. Bd7 Kc4 69. f5 e5 70. Be6 1-0

[Event "Plzen, JF C"]
[Site "?"]
[Date "1998.??.??"]
[Round "6"]
[White "Vojir, V sn"]
[Black "Janke, G."]
[Result "1/2-1/2"]
[WhiteElo "1815"]
[BlackElo "2005"]
[PlyCount "35"]
[EventDate "1998.??.??"]
[Source "ChessBase"]
[SourceDate "1996.11.15"]

1. d4 Nf6 2. c4 e6 3. Nc3 Bb4 4. Bd2 O-O 5. Nf3 b6 6. a3 Bxc3 7. Bxc3 Ne4 8.
Qc2 f5 9. e3 Bb7 10. Be2 Nc6 11. Rd1 Ne7 12. b4 Ng6 13. Rg1 Nh4 14. d5 Nxc3 15.
Qxc3 Nxf3+ 16. gxf3 Qf6 17. Qxf6 Rxf6 18. dxe6 1/2-1/2

[Event "Plzen, JF C"]
[Site "?"]
[Date "1998.??.??"]
[Round "7"]
[White "Tupy, M."]
[Black "Mirumian, V."]
[Result "0-1"]
[WhiteElo "2210"]
[BlackElo "2470"]
[PlyCount "60"]
[EventDate "1998.??.??"]
[Source "ChessBase"]
[SourceDate "1996.11.15"]

1. d4 Nf6 2. c4 g6 3. Nf3 Bg7 4. g3 O-O 5. Bg2 d5 6. cxd5 Nxd5 7. O-O Nb6 8.
Nc3 Nc6 9. d5 Na5 10. Qc2 c6 11. dxc6 Nxc6 12. Rd1 Bd7 13. Bf4 Rc8 14. Rac1 Qe8
15. Qd2 Bf5 16. b3 e5 17. Bh6 Qe7 18. Bxg7 Kxg7 19. Qb2 f6 20. Nd2 Be6 21. Nde4
Rfd8 22. Nb5 Rd5 23. Rxd5 Bxd5 24. Ned6 Rd8 25. Qa3 Bxg2 26. Kxg2 Nd5 27. Qc5
a6 28. Qxd5 axb5 29. Rd1 Nd4 30. Qxb7 Rd7 0-1

[Event "Plzen, JF C"]
[Site "?"]
[Date "1998.??.??"]
[Round "7"]
[White "Stets, D."]
[Black "Spal, M."]
[Result "1/2-1/2"]
[WhiteElo "2435"]
[BlackElo "2160"]
[PlyCount "132"]
[EventDate "1998.??.??"]
[Source "ChessBase"]
[SourceDate "1996.11.15"]

1. e4 d5 2. exd5 Qxd5 3. Nc3 Qa5 4. d4 c6 5. Bc4 Nf6 6. Qe2 Bf5 7. Bd2 e6 8. d5
cxd5 9. Nxd5 Qd8 10. Nxf6+ Qxf6 11. Nf3 Nc6 12. Bb5 Qxb2 13. O-O Be7 14. Rab1
Qxc2 15. Nd4 Qe4 16. Nxf5 Qxf5 17. Bd3 Qe5 18. Rxb7 Qxe2 19. Bxe2 Nd4 20. Ba6
Rd8 21. Rc1 Ba3 22. Rc3 Bd6 23. Be3 Nf5 24. Bb5+ Kf8 25. Bxa7 h5 26. Bb6 Ra8
27. a4 g6 28. Bd7 Be5 29. Rc8+ Kg7 30. Rxa8 Rxa8 31. a5 Bc3 32. Bxe6 Nd6 33.
Rd7 Bxa5 34. Bd4+ Kh6 35. Bxf7 Nxf7 36. Rxf7 g5 37. Rf6+ Kh7 38. g3 Bd2 39. Rd6
Bc1 40. Kg2 Rc8 41. Kf3 Re8 42. h3 Ba3 43. Ra6 Bf8 44. Be3 Bh6 45. Ke2 Bg7 46.
Ra5 Bf6 47. h4 Kg6 48. hxg5 Bd4 49. Ra3 Kf5 50. Rd3 Ba7 51. f3 Bxe3 52. Rxe3
Ra8 53. f4 Kg4 54. Rb3 h4 55. gxh4 Kxf4 56. Rb4+ Kf5 57. Ke3 Ra3+ 58. Kd4 Ra1
59. Kd5 Re1 60. Kd6 Re6+ 61. Kd7 Re1 62. Rc4 Re5 63. Rc1 Re4 64. Rg1 Rxh4 65.
g6 Kf6 66. g7 Rh7 1/2-1/2

[Event "Plzen, JF C"]
[Site "?"]
[Date "1998.??.??"]
[Round "7"]
[White "Rybak, M."]
[Black "Michalek, J."]
[Result "1-0"]
[WhiteElo "2280"]
[BlackElo "2300"]
[PlyCount "61"]
[EventDate "1998.??.??"]
[Source "ChessBase"]
[SourceDate "1996.11.15"]

1. e4 g6 2. d4 Bg7 3. f4 c5 4. c3 cxd4 5. cxd4 d5 6. e5 h5 7. Nc3 Nh6 8. Qb3
Nc6 9. Nf3 O-O 10. Be3 Bg4 11. Qxb7 Rc8 12. Bb5 Nb4 13. Qxa7 Ra8 14. Qc5 Qa5
15. Be2 Nc2+ 16. Kf2 Bf5 17. h3 Nxa1 18. Rxa1 Rfb8 19. Nxd5 Rxb2 20. Nxe7+ Kh8
21. Qxa5 Rxa5 22. Nxf5 Nxf5 23. a4 Bf8 24. g4 Ng3 25. Kxg3 Rxe2 26. Bd2 Rd5 27.
a5 hxg4 28. hxg4 Rxd2 29. Nxd2 Rxd4 30. a6 Bc5 31. a7 1-0

[Event "Plzen, JF C"]
[Site "?"]
[Date "1998.??.??"]
[Round "7"]
[White "Kozlov, O."]
[Black "Eretova, J."]
[Result "1-0"]
[WhiteElo "2410"]
[BlackElo "2155"]
[PlyCount "101"]
[EventDate "1998.??.??"]
[Source "ChessBase"]
[SourceDate "1996.11.15"]

1. d4 d5 2. Nf3 Nf6 3. g3 e6 4. Bg2 Nbd7 5. O-O Be7 6. c4 dxc4 7. Qc2 a6 8. Rd1
c5 9. Na3 O-O 10. Nxc4 Nd5 11. dxc5 Bxc5 12. a3 b5 13. Ng5 g6 14. e4 N5f6 15.
Ne5 Qb6 16. Nxd7 Nxd7 17. e5 Ra7 18. Ne4 Rc7 19. Bh6 Be3 20. Bxe3 Rxc2 21. Bxb6
Nxb6 22. b4 Nc4 23. Nd6 Nxe5 24. Rac1 Rxc1 25. Rxc1 Nc4 26. Nxc4 bxc4 27. Rxc4
Bd7 28. Rc7 Bb5 29. Bf1 Rd8 30. Bxb5 axb5 31. Rc5 Rd3 32. Rxb5 Rxa3 33. Rb7 Rb3
34. h4 h6 35. Kf1 Rb2 36. Kg2 Rb3 37. Kf1 Rb2 38. b5 Kg7 39. b6 Kg8 40. Ke1 Kg7
41. g4 Kf6 42. f3 Kg7 43. Kd1 Rf2 44. Rc7 Rb2 45. b7 Kf6 46. Kc1 Rb5 47. Kc2 e5
48. Kc3 Ke6 49. Kc4 Rb1 50. Kc5 f5 51. Rc6+ 1-0

[Event "Plzen, JF C"]
[Site "?"]
[Date "1998.??.??"]
[Round "7"]
[White "Zimmerman, Y."]
[Black "Papapostoulou, C."]
[Result "1-0"]
[WhiteElo "2340"]
[BlackElo "2180"]
[PlyCount "83"]
[EventDate "1998.??.??"]
[Source "ChessBase"]
[SourceDate "1996.11.15"]

1. d4 d5 2. c4 e6 3. Nc3 c6 4. Nf3 Nd7 5. e4 dxe4 6. Nxe4 Ngf6 7. Bd3 Nxe4 8.
Bxe4 Bb4+ 9. Bd2 Qe7 10. O-O Bxd2 11. Qxd2 O-O 12. Rfe1 Nf6 13. Bc2 b6 14. b4
Rd8 15. c5 bxc5 16. bxc5 Qc7 17. Rad1 Rb8 18. Bb1 a5 19. Ne5 Rb4 20. Qc3 g6 21.
a3 Nd5 22. Qc2 Rb8 23. Nc4 Ra8 24. Nd6 Qe7 25. Qd2 Qf6 26. Bc2 Ba6 27. Ba4 Bb5
28. Bxb5 cxb5 29. Nxb5 Nf4 30. Nd6 Rab8 31. Re3 a4 32. Rf3 g5 33. h4 h6 34.
hxg5 hxg5 35. g3 Rb3 36. Rxb3 Nh3+ 37. Kg2 axb3 38. Kxh3 b2 39. Kg2 Rb8 40. Rb1
Kg7 41. Rxb2 Rh8 42. Ne4 1-0

[Event "Plzen, JF C"]
[Site "?"]
[Date "1998.??.??"]
[Round "7"]
[White "Snaidr, J."]
[Black "Kuljabin, V."]
[Result "0-1"]
[WhiteElo "2100"]
[BlackElo "2420"]
[PlyCount "72"]
[EventDate "1998.??.??"]
[Source "ChessBase"]
[SourceDate "1996.11.15"]

1. d4 Nf6 2. c4 g6 3. Nc3 Bg7 4. e4 d6 5. h3 O-O 6. Nf3 Nbd7 7. Be3 e5 8. dxe5
dxe5 9. Qd2 c6 10. Be2 Qe7 11. Bh6 Nc5 12. Bxg7 Kxg7 13. Qe3 Nh5 14. g3 Rd8 15.
b4 Na6 16. a3 Nc7 17. Kf1 a5 18. Kg2 axb4 19. axb4 Rxa1 20. Rxa1 Na6 21. Ne1
Nxb4 22. c5 Nf6 23. Rb1 Na6 24. Nd3 Nd7 25. Na4 Nc7 26. Bg4 Ne6 27. f4 exf4 28.
gxf4 Nf6 29. Ne5 h5 30. Be2 Rd4 31. Nc3 Qxc5 32. Nxg6 fxg6 33. f5 gxf5 34. Qg3+
Kf7 35. e5 Nf4+ 36. Kh2 Qxe5 0-1

[Event "Plzen, JF C"]
[Site "?"]
[Date "1998.??.??"]
[Round "7"]
[White "Piza, V."]
[Black "Novacek, K."]
[Result "1-0"]
[WhiteElo "2305"]
[BlackElo "2095"]
[PlyCount "79"]
[EventDate "1998.??.??"]
[Source "ChessBase"]
[SourceDate "1996.11.15"]

1. e4 c5 2. Nf3 Nc6 3. d4 cxd4 4. Nxd4 Nf6 5. Nc3 e5 6. Ndb5 d6 7. Bg5 a6 8.
Na3 b5 9. Nd5 Be7 10. Bxf6 Bxf6 11. c3 O-O 12. Nc2 Bg5 13. a4 bxa4 14. Rxa4 a5
15. Bc4 Rb8 16. b3 Kh8 17. O-O f5 18. exf5 Bxf5 19. Nce3 Be6 20. Qd3 Bxe3 21.
Qxe3 Bxd5 22. Bxd5 Ne7 23. Be4 d5 24. Bc2 e4 25. Rd1 Qc7 26. Ra2 Nf5 27. Qe1
Qc5 28. h3 Rb6 29. c4 Nd4 30. Rxa5 Nxc2 31. Rxc5 Nxe1 32. Rxe1 dxc4 33. bxc4
Rb2 34. Rxe4 Rbxf2 35. Rc7 R2f6 36. c5 Rg6 37. c6 h5 38. Re5 Rh6 39. Rc5 g6 40.
Rd5 1-0

[Event "Plzen, JF C"]
[Site "?"]
[Date "1998.??.??"]
[Round "7"]
[White "Krischke, A."]
[Black "Mitzka, F."]
[Result "1-0"]
[WhiteElo "2165"]
[BlackElo "2035"]
[PlyCount "65"]
[EventDate "1998.??.??"]
[Source "ChessBase"]
[SourceDate "1996.11.15"]

1. Nf3 g6 2. c4 Bg7 3. Nc3 d6 4. g3 Nf6 5. Bg2 O-O 6. O-O e5 7. d3 Nfd7 8. Rb1
a5 9. a3 Nc5 10. b4 e4 11. Nxe4 Nxe4 12. dxe4 axb4 13. axb4 Ra2 14. e3 Nc6 15.
Qb3 Ra8 16. Bb2 Ne5 17. Nxe5 dxe5 18. Rfd1 Qe7 19. c5 Be6 20. Qc2 f6 21. Bf1
Qf7 22. Rdc1 Rfd8 23. Ra1 Bf8 24. Rxa8 Rxa8 25. Qc3 b6 26. cxb6 cxb6 27. f4 Ra4
28. fxe5 Rxb4 29. exf6 Bc5 30. Ra1 h6 31. Ra7 Qf8 32. Rg7+ Kh8 33. f7 1-0

[Event "Plzen, JF C"]
[Site "?"]
[Date "1998.??.??"]
[Round "7"]
[White "Pfriender, H."]
[Black "Tsimafeyevas, S."]
[Result "0-1"]
[WhiteElo "2010"]
[BlackElo "2015"]
[PlyCount "80"]
[EventDate "1998.??.??"]
[Source "ChessBase"]
[SourceDate "1996.11.15"]

1. e4 d5 2. exd5 Nf6 3. d4 Nxd5 4. Bc4 c6 5. c3 g6 6. Nf3 Bg7 7. O-O O-O 8. Bg5
h6 9. Be3 Bg4 10. Nbd2 Nd7 11. h3 Bxf3 12. Qxf3 N7f6 13. Rae1 Qc7 14. Ne4 Nxe4
15. Qxe4 Rad8 16. Bc1 Rfe8 17. f4 e6 18. Bb3 b5 19. Qf3 c5 20. dxc5 Qxc5+ 21.
Kh1 a5 22. Re5 Bxe5 23. fxe5 Qf8 24. Bxd5 Rxd5 25. Bxh6 Qe7 26. Bg5 f6 27. Bxf6
Qf7 28. Qg3 Rf8 29. Qg5 Qh7 30. Rf4 Qh5 31. Qxh5 gxh5 32. Rh4 Rd2 33. Rxh5 Rxb2
34. Rg5+ Kh7 35. Rg7+ Kh6 36. g4 Rc8 37. Rg5 Rxc3 38. Rh5+ Kg6 39. Rg5+ Kf7 40.
Rg7+ Kf8 0-1

[Event "Plzen, JF C"]
[Site "?"]
[Date "1998.??.??"]
[Round "7"]
[White "Stepphun, T."]
[Black "Gruss, H."]
[Result "1-0"]
[WhiteElo "2160"]
[BlackElo "1860"]
[PlyCount "157"]
[EventDate "1998.??.??"]
[Source "ChessBase"]
[SourceDate "1996.11.15"]

1. d4 Nf6 2. c4 g6 3. Nc3 Bg7 4. e4 d6 5. f3 O-O 6. Bg5 h6 7. Be3 e5 8. Nge2
Nc6 9. d5 Ne7 10. Qd2 Kh7 11. g4 Nfg8 12. h4 c6 13. h5 g5 14. Kf2 c5 15. a3 Bd7
16. b4 b6 17. Nc1 Qc7 18. Bd3 a6 19. N1e2 f6 20. Rhb1 Rfb8 21. Rb3 Rb7 22. Rab1
Rab8 23. bxc5 bxc5 24. Qa2 Nc8 25. R1b2 Bf8 26. Qb1 Rxb3 27. Rxb3 Rxb3 28. Qxb3
Qb6 29. Nc1 Kg7 30. Ke2 Kf7 31. Bc2 Ke8 32. Kd3 Kd8 33. N1e2 Kc7 34. Bd2 Qxb3
35. Bxb3 Nb6 36. a4 Kb7 37. a5 Nc8 38. Na4 Be8 39. Ng3 Nge7 40. Nc3 Bd7 41. Nd1
Kc7 42. Kc3 Be8 43. Kb2 Bd7 44. Ka3 Be8 45. Nf2 Bd7 46. Ba4 Bxa4 47. Kxa4 Na7
48. Ne2 Nec8 49. Nc1 Ne7 50. Nb3 Ng8 51. Be3 Nc8 52. Nd3 Kd8 53. Bxc5 dxc5 54.
Nbxc5 Bxc5 55. Nxc5 f5 56. exf5 Nf6 57. Nxa6 e4 58. fxe4 Nxg4 59. Nc5 Ne3 60.
Ne6+ Ke8 61. c5 g4 62. Kb5 g3 63. Nf4 g2 64. Nh3 Kd7 65. f6 Ng4 66. f7 Ke7 67.
d6+ Kxf7 68. d7 Na7+ 69. Kb6 Ke7 70. Kxa7 Kxd7 71. Kb7 Ne5 72. a6 Nc6 73. Kb6
Ne7 74. Kb7 Nc6 75. e5 Nd8+ 76. Kb6 Nc6 77. a7 Nxa7 78. Kb7 Kd8 79. e6 1-0

[Event "Plzen, JF C"]
[Site "?"]
[Date "1998.??.??"]
[Round "7"]
[White "Hajek, J."]
[Black "Kalista, K."]
[Result "1-0"]
[WhiteElo "2045"]
[BlackElo "1910"]
[PlyCount "111"]
[EventDate "1998.??.??"]
[Source "ChessBase"]
[SourceDate "1996.11.15"]

1. e4 g6 2. d4 Bg7 3. Nf3 c6 4. h3 d5 5. exd5 cxd5 6. Bd3 Nc6 7. c3 Nf6 8. Bf4
O-O 9. Qd2 Ne4 10. Qe3 f5 11. Nbd2 Re8 12. Ne5 Nxe5 13. dxe5 Nxd2 14. Qxd2 e6
15. O-O Bd7 16. Rfe1 Qb6 17. Be3 Qc7 18. Bd4 a6 19. a4 b5 20. a5 b4 21. cxb4
Qb7 22. Rac1 Bb5 23. Bb6 Bxd3 24. Qxd3 Rac8 25. f4 Bh6 26. Qd2 Qd7 27. Rxc8
Rxc8 28. Rc1 Rxc1+ 29. Qxc1 d4 30. Kf2 Bf8 31. Bc5 Bh6 32. g3 Kf7 33. h4 Bf8
34. Qc4 d3 35. Ke1 Qa4 36. Kd2 Bxc5 37. Qxc5 Qa2 38. Qc1 Qb3 39. Qc3 Qa2 40.
Kxd3 Qd5+ 41. Kc2 Qe4+ 42. Kb3 Qd5+ 43. Ka3 Qb7 44. b3 Qh1 45. b5 axb5 46. Kb4
Qb7 47. Qd3 Qc6 48. Qxb5 Qe4+ 49. Ka3 Qd4 50. a6 Qa1+ 51. Kb4 Qe1+ 52. Kc5 Qxg3
53. Qd7+ Kf8 54. a7 Qc3+ 55. Kd6 Qb4+ 56. Kxe6 1-0

[Event "Plzen, JF C"]
[Site "?"]
[Date "1998.??.??"]
[Round "7"]
[White "Palkova, H."]
[Black "Smid, J."]
[Result "1-0"]
[WhiteElo "2045"]
[BlackElo "1910"]
[PlyCount "61"]
[EventDate "1998.??.??"]
[Source "ChessBase"]
[SourceDate "1996.11.15"]

1. d4 d5 2. c4 e5 3. e3 exd4 4. exd4 dxc4 5. Bxc4 Bb4+ 6. Nc3 Qe7+ 7. Nge2 c6
8. O-O Nf6 9. Re1 O-O 10. a3 Bd6 11. Ng3 Qc7 12. Bg5 Bxg3 13. hxg3 Bg4 14. Qd3
Nbd7 15. Re7 Qd6 16. Rae1 Rae8 17. Bxf7+ Rxf7 18. Rxe8+ Nxe8 19. Rxe8+ Nf8 20.
Qe3 Qg6 21. Bf4 h5 22. Qe4 Bf5 23. Qe5 h4 24. d5 h3 25. d6 hxg2 26. Ne4 Qh5 27.
Kxg2 Bxe4+ 28. Qxe4 Qg4 29. f3 Qd7 30. Re7 Qd8 31. Qc4 1-0

[Event "Plzen, JF C"]
[Site "?"]
[Date "1998.??.??"]
[Round "7"]
[White "Hercik, J."]
[Black "Nold, M."]
[Result "1-0"]
[WhiteElo "1870"]
[BlackElo "2020"]
[PlyCount "69"]
[EventDate "1998.??.??"]
[Source "ChessBase"]
[SourceDate "1996.11.15"]

1. e4 c5 2. Nc3 g6 3. f4 Bg7 4. Nf3 d6 5. Bc4 Nc6 6. d3 Nf6 7. O-O O-O 8. Bd2
e6 9. Ne2 a6 10. a4 Qe7 11. c3 Bd7 12. h3 Rab8 13. Bb3 b5 14. Rb1 b4 15. Bc4
Bc8 16. g4 Na5 17. Ng3 d5 18. exd5 exd5 19. cxb4 cxb4 20. Bb3 Nxb3 21. Qxb3
Qc5+ 22. d4 Qc4 23. Qxc4 dxc4 24. Ne5 Nd5 25. Rbc1 Be6 26. Ne4 Bxe5 27. dxe5
Ne7 28. Be3 Nd5 29. Ba7 Rb7 30. Bc5 Rd8 31. f5 Bc8 32. Rfd1 Rbd7 33. e6 fxe6
34. fxe6 Rc7 35. e7 1-0

[Event "Plzen, JF C"]
[Site "?"]
[Date "1998.??.??"]
[Round "7"]
[White "Voehringer, A."]
[Black "Bantle, M."]
[Result "1-0"]
[WhiteElo "2010"]
[BlackElo "2040"]
[PlyCount "31"]
[EventDate "1998.??.??"]
[Source "ChessBase"]
[SourceDate "1996.11.15"]

1. e4 c5 2. c3 d5 3. exd5 Qxd5 4. d4 Nc6 5. Nf3 Bg4 6. Be2 e6 7. c4 Qd7 8. d5
Bxf3 9. Bxf3 Ne5 10. O-O Nxf3+ 11. Qxf3 exd5 12. Re1+ Be7 13. Nc3 d4 14. Nd5
O-O-O 15. Qa3 Kb8 16. Rxe7 1-0

[Event "Plzen, JF C"]
[Site "?"]
[Date "1998.??.??"]
[Round "7"]
[White "Jenc, M."]
[Black "Foglar, S."]
[Result "1-0"]
[WhiteElo "1845"]
[BlackElo "2065"]
[PlyCount "55"]
[EventDate "1998.??.??"]
[Source "ChessBase"]
[SourceDate "1996.11.15"]

1. e4 c5 2. Nf3 d6 3. d4 cxd4 4. Nxd4 Nf6 5. Nc3 Nc6 6. Nb3 e6 7. Bg5 Be7 8.
Be2 a6 9. a4 O-O 10. Qd2 Qc7 11. O-O b6 12. Qe3 Bb7 13. Qg3 Nb4 14. Bh6 Ne8 15.
Rac1 Bf6 16. Bf4 Bxc3 17. bxc3 Na2 18. Rce1 Nxc3 19. e5 d5 20. Bd3 Ne4 21. Qh4
f5 22. exf6 g5 23. Bxg5 Nxg5 24. Qxg5+ Kh8 25. Rxe6 Qf7 26. Re7 Rg8 27. Rxf7
Rxg5 28. Rxh7+ 1-0

[Event "Plzen, JF C"]
[Site "?"]
[Date "1998.??.??"]
[Round "7"]
[White "Vojir, V jn"]
[Black "Sladek, J."]
[Result "1-0"]
[WhiteElo "1800"]
[BlackElo "1870"]
[PlyCount "94"]
[EventDate "1998.??.??"]
[Source "ChessBase"]
[SourceDate "1996.11.15"]

1. d4 d5 2. c4 e6 3. Nc3 c5 4. cxd5 cxd4 5. Qxd4 Nc6 6. Qd1 exd5 7. Qxd5 Bd7 8.
Bg5 Nf6 9. Qd2 Bc5 10. Rd1 Qb6 11. e3 O-O-O 12. Bxf6 gxf6 13. Na4 Qc7 14. Qc1
Bb4+ 15. Nc3 Bf5 16. Rxd8+ Rxd8 17. a3 Ba5 18. Be2 Ne5 19. Nf3 Bd3 20. Nxe5
fxe5 21. b4 Bb6 22. O-O Kb8 23. Rd1 e4 24. Bg4 Qe5 25. Na4 Bc7 26. g3 f5 27.
Bh3 Bd6 28. Qc3 Qb5 29. Nb2 Be5 30. Qb3 Bxb2 31. Qxb2 Rc8 32. Rc1 Qd7 33. Qe5+
Ka8 34. Rxc8+ Qxc8 35. Qc5 Qh8 36. Kg2 Be2 37. Bxf5 Bf3+ 38. Kh3 Qe8 39. Qc8+
Qxc8 40. Bxc8 Kb8 41. Bf5 h5 42. Kh4 Kc7 43. Bg6 Kd6 44. Bxh5 Bg2 45. Be2 Ke5
46. Kh5 Bh3 47. Kh6 a6 1-0

[Event "Plzen, JF C"]
[Site "?"]
[Date "1998.??.??"]
[Round "7"]
[White "Vojir, V sn"]
[Black "Tenk, P."]
[Result "1-0"]
[WhiteElo "1815"]
[BlackElo "1835"]
[PlyCount "37"]
[EventDate "1998.??.??"]
[Source "ChessBase"]
[SourceDate "1996.11.15"]

1. d4 d5 2. c4 Nf6 3. Nc3 c6 4. e3 g6 5. Bd3 Bg7 6. Nf3 O-O 7. O-O Re8 8. h3
Nbd7 9. Qc2 Qc7 10. cxd5 cxd5 11. Nb5 Qxc2 12. Bxc2 Rb8 13. Nxa7 e5 14. Nb5 e4
15. Nd2 Re6 16. Bb3 b6 17. Nb1 Bf8 18. Nc7 Rd6 19. Bd2 1-0

[Event "Plzen, JF C"]
[Site "?"]
[Date "1998.??.??"]
[Round "8"]
[White "Mirumian, V."]
[Black "Zimmerman, Y."]
[Result "1-0"]
[WhiteElo "2470"]
[BlackElo "2340"]
[PlyCount "79"]
[EventDate "1998.??.??"]
[Source "ChessBase"]
[SourceDate "1996.11.15"]

1. Nf3 g6 2. g3 Bg7 3. Bg2 e5 4. c4 e4 5. Ng1 f5 6. d3 exd3 7. Qxd3 Nf6 8. Nh3
Nc6 9. O-O d6 10. Nc3 Ne5 11. Qc2 O-O 12. b3 Rb8 13. Bb2 a6 14. Rad1 c5 15. Qd2
Nf7 16. a4 Bd7 17. Nf4 Re8 18. Ncd5 Be6 19. Nxf6+ Bxf6 20. Nd5 Bxd5 21. Bxd5
Bxb2 22. Qxb2 Qe7 23. Rd2 Qe5 24. Rfd1 Qxb2 25. Rxb2 Red8 26. Rbd2 b5 27. axb5
axb5 28. Ra2 Kg7 29. Ra7 Rf8 30. Rd3 bxc4 31. bxc4 Rbe8 32. Rb3 Kf6 33. Rbb7
Nd8 34. Rd7 Rxe2 35. Rxd6+ Kg5 36. h4+ Kh6 37. Rdd7 Rh8 38. Bg8 Kh5 39. Rxd8
Kg4 40. Kg2 1-0

[Event "Plzen, JF C"]
[Site "?"]
[Date "1998.??.??"]
[Round "8"]
[White "Kozlov, O."]
[Black "Stets, D."]
[Result "1-0"]
[WhiteElo "2410"]
[BlackElo "2435"]
[PlyCount "59"]
[EventDate "1998.??.??"]
[Source "ChessBase"]
[SourceDate "1996.11.15"]

1. Nf3 Nf6 2. g3 g6 3. b3 Bg7 4. Bb2 d6 5. d4 O-O 6. Bg2 Nbd7 7. O-O Re8 8. d5
Nc5 9. c4 e6 10. dxe6 Bxe6 11. Nd4 Bd7 12. Nc3 c6 13. b4 Ne6 14. Nf3 Qe7 15. e3
Nc7 16. a3 Be6 17. Qe2 d5 18. cxd5 Nfxd5 19. Na4 Bxb2 20. Qxb2 Nb6 21. Nc5 Bc4
22. Rfc1 Na6 23. Nd2 Nxc5 24. bxc5 Na4 25. Qd4 Bb5 26. Ne4 Red8 27. Nf6+ Kf8
28. Nxh7+ Kg8 29. Nf6+ Kf8 30. Nd5 1-0

[Event "Plzen, JF C"]
[Site "?"]
[Date "1998.??.??"]
[Round "8"]
[White "Spal, M."]
[Black "Rybak, M."]
[Result "1-0"]
[WhiteElo "2160"]
[BlackElo "2280"]
[PlyCount "107"]
[EventDate "1998.??.??"]
[Source "ChessBase"]
[SourceDate "1996.11.15"]

1. e4 e5 2. Nf3 Nc6 3. Nc3 g6 4. d4 exd4 5. Nxd4 Bg7 6. Be3 Nf6 7. Qd2 O-O 8.
O-O-O Re8 9. f3 d5 10. Nxc6 bxc6 11. Bh6 Be6 12. Bxg7 Kxg7 13. exd5 cxd5 14.
Bb5 Rf8 15. Bc6 Rb8 16. Bxd5 Nxd5 17. Nxd5 Qh4 18. Qd4+ Qxd4 19. Rxd4 Rfd8 20.
Rhd1 c5 21. R4d2 Rd6 22. b3 Ra6 23. Nc3 c4 24. Rd6 Ra5 25. Kb2 Rb7 26. Nd5 g5
27. Rd4 cxb3 28. axb3 Rc5 29. c4 a5 30. Kc3 Rc8 31. Rd1 Rcb8 32. Rb1 h5 33. f4
Kg6 34. Ra6 Kf5 35. Rxa5 gxf4 36. b4 h4 37. Rf1 Bxd5 38. Rxd5+ Ke6 39. b5 h3
40. gxh3 Rh8 41. Rf3 Ra7 42. Kd4 Ra2 43. Re5+ Kd6 44. c5+ Kd7 45. Rd3 Kc8 46.
c6 f6 47. Rd5 Rxh2 48. Kc5 R2xh3 49. Rd8+ Rxd8 50. Rxh3 Rd1 51. Rh8+ Rd8 52.
Rxd8+ Kxd8 53. Kd6 f3 54. c7+ 1-0

[Event "Plzen, JF C"]
[Site "?"]
[Date "1998.??.??"]
[Round "8"]
[White "Kuljabin, V."]
[Black "Suran, J."]
[Result "0-1"]
[WhiteElo "2420"]
[BlackElo "2295"]
[PlyCount "130"]
[EventDate "1998.??.??"]
[Source "ChessBase"]
[SourceDate "1996.11.15"]

1. c4 c5 2. g3 Nf6 3. Bg2 Nc6 4. Nc3 e6 5. e4 d6 6. Nge2 Be7 7. O-O a6 8. d3
O-O 9. f4 Rb8 10. Kh1 Qc7 11. Be3 Bd7 12. Qd2 b5 13. Rae1 bxc4 14. dxc4 Bc8 15.
b3 Bb7 16. h3 Rfd8 17. g4 Nd7 18. Rd1 Bf8 19. Qe1 Ne7 20. Rd3 Nb6 21. Qf2 Rbc8
22. Rfd1 Nc6 23. Qg1 Rd7 24. Bf2 Rcd8 25. R3d2 Be7 26. g5 Bf8 27. Qh2 Ne7 28.
Bg3 Qc8 29. f5 exf5 30. Rxd6 Rxd6 31. Rxd6 Rxd6 32. Bxd6 fxe4 33. Nxe4 Nd7 34.
N2c3 Nf5 35. Bxf8 Nxf8 36. Qe5 Ne3 37. Nd5 Bxd5 38. cxd5 Ng6 39. Nd6 Nxg2 40.
Kxg2 Qxh3+ 41. Kxh3 Nxe5 42. Kg3 Kf8 43. Kf4 Nd7 44. Ke4 g6 45. Nc8 f6 46. gxf6
Kf7 47. a4 h5 48. a5 h4 49. Nd6+ Kxf6 50. Kf4 g5+ 51. Kg4 Ke5 52. Nf7+ Kxd5 53.
Nxg5 Ne5+ 54. Kxh4 Nc6 55. Kg4 Nxa5 56. Kf3 Nxb3 57. Ke2 Kc4 58. Ne4 a5 59. Kd1
Kd3 60. Nd6 Kc3 61. Ne4+ Kb2 62. Nd6 a4 63. Nc4+ Kc3 64. Na3 c4 65. Nc2 Nd4 0-1

[Event "Plzen, JF C"]
[Site "?"]
[Date "1998.??.??"]
[Round "8"]
[White "Michalek, J."]
[Black "Tupy, M."]
[Result "1/2-1/2"]
[WhiteElo "2300"]
[BlackElo "2210"]
[PlyCount "72"]
[EventDate "1998.??.??"]
[Source "ChessBase"]
[SourceDate "1996.11.15"]

1. e4 c5 2. Nf3 d6 3. Bc4 Nc6 4. d3 Nf6 5. O-O Bg4 6. c3 e6 7. h3 Bxf3 8. Qxf3
Be7 9. Bb3 O-O 10. Qe2 b5 11. Nd2 Rb8 12. Nf3 Nd7 13. d4 Qc7 14. d5 exd5 15.
exd5 Nce5 16. Bc2 Nxf3+ 17. Qxf3 Bf6 18. g4 g6 19. Bf4 Rfe8 20. Rae1 Bg7 21.
Qg3 Ne5 22. Bc1 Nd7 23. Rd1 Re7 24. Rfe1 Rbe8 25. Rxe7 Rxe7 26. Kf1 Nb6 27. Qf3
Re8 28. Bf4 Kf8 29. h4 Be5 30. Bg5 Bg7 31. h5 Kg8 32. Kg2 Qd7 33. Bc1 Nc4 34.
Qg3 Ne5 35. Re1 Nc4 36. Rxe8+ Qxe8 1/2-1/2

[Event "Plzen, JF C"]
[Site "?"]
[Date "1998.??.??"]
[Round "8"]
[White "Orsag, M."]
[Black "Stehlik, J."]
[Result "1/2-1/2"]
[WhiteElo "2140"]
[BlackElo "2140"]
[PlyCount "32"]
[EventDate "1998.??.??"]
[Source "ChessBase"]
[SourceDate "1996.11.15"]

1. e4 c5 2. Nc3 Nc6 3. g3 g6 4. Bg2 Bg7 5. f4 d6 6. d3 Nd4 7. Nd5 e6 8. Ne3 Ne7
9. c3 Ndc6 10. Nf3 O-O 11. O-O Rb8 12. Nh4 f5 13. Bh3 d5 14. Qf3 d4 15. Nd1 b5
16. c4 bxc4 1/2-1/2

[Event "Plzen, JF C"]
[Site "?"]
[Date "1998.??.??"]
[Round "8"]
[White "Eretova, J."]
[Black "Piza, V."]
[Result "0-1"]
[WhiteElo "2155"]
[BlackElo "2305"]
[PlyCount "68"]
[EventDate "1998.??.??"]
[Source "ChessBase"]
[SourceDate "1996.11.15"]

1. e4 d6 2. d4 Nf6 3. Nc3 g6 4. Nf3 Bg7 5. h3 O-O 6. Be3 a6 7. a4 a5 8. Be2 Na6
9. O-O c6 10. Nd2 Nd7 11. Nc4 f5 12. exf5 gxf5 13. Bg5 Nf6 14. d5 Nb4 15. Bf3
Qc7 16. dxc6 bxc6 17. Qd2 Ba6 18. Be2 Ne4 19. Nxe4 fxe4 20. c3 Nd3 21. Bxd3
exd3 22. Ne3 d5 23. Ng4 e5 24. Bh6 Rae8 25. Bxg7 Qxg7 26. b4 axb4 27. cxb4 e4
28. Rab1 Re6 29. b5 cxb5 30. axb5 Bb7 31. Qb2 Qxb2 32. Rxb2 d4 33. Re1 h5 34.
Nh2 e3 0-1